[Event "13th Dubai Open"]
[Site "Dubai UAE"]
[Date "2011.04.10"]
[Round "1"]
[White "Volkov,Sergey1"]
[Black "Mohannad,F"]
[Result "1-0"]
[WhiteElo "2621"]
[BlackElo "2221"]

1.d4 Nf6 2.c4 e6 3.Nc3 Bb4 4.f3 c5 5.d5 b5 6.e4 bxc4 7.Bxc4 Nxd5 8.Bxd5 exd5
9.Qxd5 Nc6 10.Ne2 Ba6 11.Kf2 O-O 12.Rd1 Ba5 13.a3 Rb8 14.Bg5 Qe8 15.Rab1 Ne5
16.Bf4 Bc7 17.Bxe5 Bxe5 18.Qxc5 f5 19.Ng3 fxe4 20.Ncxe4 Bxb2 21.Qd5+ Kh8
22.Nc5 Qg6 23.Nge4 Qh6 24.Nd6 Qh4+ 25.Kg1 Bd4+ 26.Kh1 Rxb1 27.Nf7+  1-0

[Event "Norsk Open A"]
[Site "Fagernes NOR"]
[Date "2011.04.17"]
[Round "1"]
[White "Richter,Mic"]
[Black "Haugsrud,H"]
[Result "1-0"]
[WhiteElo "2486"]
[BlackElo "2050"]

1.d4 Nf6 2.c4 e6 3.Nc3 Bb4 4.f3 d5 5.a3 Bxc3+ 6.bxc3 O-O 7.cxd5 exd5 8.e3 c6
9.Bd3 Re8 10.Ne2 b6 11.O-O Qd6 12.Ng3 c5 13.Qd2 Nc6 14.Bb2 Bb7 15.Rad1 Rad8
16.Qf2 Rd7 17.Bf5 Rde7 18.e4 cxd4 19.cxd4 Nd7 20.e5 Qb8 21.Bd3 Na5 22.Nf5 Re6
23.f4 Rc8 24.Qg3 g6 25.Nh6+ Kg7 26.f5 Rec6 27.f6+ Kf8 28.Qh3 Re6 29.Nxf7 Kxf7
30.Qxh7+ Ke8 31.Bxg6+ Kd8 32.Qg8+  1-0

[Event "Norsk Open A"]
[Site "Fagernes NOR"]
[Date "2011.04.17"]
[Round "3"]
[White "Arndt,U"]
[Black "Aulin Jansson,J"]
[Result "0-1"]
[WhiteElo "2021"]
[BlackElo "2232"]

1.d4 Nf6 2.c4 e6 3.Nc3 Bb4 4.f3 O-O 5.a3 Bxc3+ 6.bxc3 c5 7.e3 d6 8.Bd3 Re8
9.Ne2 e5 10.Qc2 Nc6 11.O-O b6 12.Bb2 Ba6 13.Ng3 Na5 14.Ne4 h6 15.Qe2 Nxe4
16.fxe4 Qd7 17.a4 Rac8 18.d5 Rc7 19.Bc1 f5 20.Rxf5 Nb3 21.Rb1 Nxc1 22.Rxc1 Qxa4
23.Rff1 Qd7 24.Ra1 Bc8 25.Qh5 Qe7 26.Be2 Rb7 27.Qg6 a5 28.Rf6 Qxf6 29.Qxe8+ Qf8
30.Qc6 Qd8 31.Rb1 g6 32.h3 h5 33.Rf1 Kg7 34.Bd1 Ra7 35.Ba4 Bb7 36.Qe8 Qxe8
37.Bxe8 Ba6 38.Bc6 Bxc4 39.Rb1 b5 40.Kf2 a4 41.Ra1 a3 42.Ke1 b4 43.cxb4 cxb4
44.Kd2 b3 45.Kc3 b2 46.Re1 Bd3 47.Kb3 b1=Q+ 48.Rxb1 Bxb1  0-1

[Event "Norsk Open A"]
[Site "Fagernes NOR"]
[Date "2011.04.17"]
[Round "4"]
[White "Jones,G"]
[Black "Aulin Jansson,J"]
[Result "1-0"]
[WhiteElo "2578"]
[BlackElo "2232"]

1.d4 Nf6 2.c4 e6 3.Nc3 Bb4 4.f3 O-O 5.a3 Bxc3+ 6.bxc3 c5 7.e4 d6 8.Bd3 Nc6
9.Ne2 e5 10.d5 Ne7 11.h4 Ne8 12.g4 f6 13.Rg1 Bd7 14.f4 exf4 15.Nxf4 g5 16.e5 dxe5
17.Ne6 Bxe6 18.dxe6 Nd6 19.hxg5 e4 20.Bb1 Ng6 21.Qd5 Kh8 22.Ra2 Ne5 23.Rf2 Nf3+
24.Rxf3 exf3 25.Rh1 f5 26.g6 f2+ 27.Kf1  1-0

[Event "Norsk Open A"]
[Site "Fagernes NOR"]
[Date "2011.04.17"]
[Round "6"]
[White "Johannessen,LE"]
[Black "Tiviakov,S"]
[Result "1/2-1/2"]
[WhiteElo "2514"]
[BlackElo "2624"]

1.d4 Nf6 2.c4 e6 3.Nc3 Bb4 4.f3 O-O 5.a3 Bxc3+ 6.bxc3 Ne8 7.e4 b6 8.Bd3 Nc6
9.Ne2 Ba6 10.O-O Na5 11.c5 Bxd3 12.Qxd3 bxc5 13.dxc5 Nb3 14.Rb1 Nxc5 15.Qb5 d6
16.Be3 a6 17.Qc6 Nd7 18.Bd4 Qc8 19.Rfd1 a5 20.Rb7 Nb8 21.Qb5 c6 22.Qb2 Nd7
23.c4 f6 24.f4 Rf7 25.Be3 Ne5 26.Rxf7 Nxf7 27.Rb1 e5 28.Qb7 exf4 29.Bxf4 Qxb7
30.Rxb7 Ne5 31.Bxe5 dxe5 32.c5 a4 33.Rb6 Nc7 34.Nc3 Ne6 35.Rxc6 Kf7 36.Nb5 Ra5
37.Nd6+ Ke7 38.Nf5+ Kf7 39.Nd6+ Ke7  1/2-1/2

[Event "Norsk Open A"]
[Site "Fagernes NOR"]
[Date "2011.04.17"]
[Round "9"]
[White "Arndt,U"]
[Black "Sjol,H"]
[Result "1-0"]
[WhiteElo "2021"]
[BlackElo "1848"]

1.d4 Nf6 2.c4 e6 3.Nc3 Bb4 4.f3 c5 5.a3 Bxc3+ 6.bxc3 Nc6 7.e4 d6 8.Be3 Qa5
9.Qd2 b6 10.a4 Bd7 11.Ne2 Rc8 12.Kf2 e5 13.d5 Nd8 14.g4 Nb7 15.Ng3 Qa6 16.g5 Ng8
17.h4 Ne7 18.Bd3 Na5 19.Qe2 Qb7 20.f4 Qc7 21.f5 Nb7 22.h5 f6 23.gxf6 gxf6
24.h6 Rf8 25.Nh5 a6 26.Rhg1 b5 27.axb5 axb5 28.cxb5 c4 29.Bc2 Nc5 30.Qxc4 Qb7
31.Rgb1 Nxe4+ 32.Qxe4 Bxf5 33.Ng7+  1-0

[Event "CCF Easter IM Norm"]
[Site "Coulsdon ENG"]
[Date "2011.04.18"]
[Round "3"]
[White "Summerscale,A"]
[Black "Briscoe,C"]
[Result "1/2-1/2"]
[WhiteElo "2437"]
[BlackElo "2226"]

1.d4 Nf6 2.c4 e6 3.Nc3 Bb4 4.f3 d5 5.a3 Be7 6.e4 dxe4 7.fxe4 e5 8.d5 O-O
9.Nf3 Ng4 10.Bd3 Bc5 11.Qe2 f5 12.Bc2 Bf2+ 13.Kd1 Bd4 14.Rf1 c6 15.Bg5 Qd6
16.h3 Nh6 17.Nxd4 exd4 18.e5 Qg6 19.Bxh6 Qxh6 20.Nb1 cxd5  1/2-1/2

[Event "London League 2010-11"]
[Site "London ENG"]
[Date "2011.04.18"]
[Round "11"]
[White "Lalic,B"]
[Black "Sowray,P"]
[Result "1/2-1/2"]
[WhiteElo "2474"]
[BlackElo "2340"]

1.d4 Nf6 2.c4 e6 3.Nc3 Bb4 4.f3 Nc6 5.e4 d5 6.e5 Ng8 7.cxd5 exd5 8.Bb5 Bd7
9.Bxc6 bxc6 10.Ne2 Nh6 11.O-O Nf5 12.a3 Ba5 13.Qd3 O-O 14.Kh1 f6 15.Bf4 Bb6
16.Na4 Qe8 17.Nxb6 cxb6 18.Ng3 fxe5 19.Bxe5 Qg6 20.Nxf5 Rxf5 21.g4 Rf6 22.Qxg6 Rxg6
23.Kg2 h5 24.h3 Rf8 25.Kg3 c5 26.b3  1/2-1/2

[Event "34th Open"]
[Site "Donostia ESP"]
[Date "2011.04.19"]
[Round "4"]
[White "Praveen Kumar,C1"]
[Black "Andres Gonzalez,A"]
[Result "1/2-1/2"]
[WhiteElo "2352"]
[BlackElo "2503"]

1.d4 Nf6 2.c4 e6 3.Nc3 Bb4 4.f3 d5 5.a3 Be7 6.e4 dxe4 7.fxe4 e5 8.d5 O-O
9.Nf3 a5 10.Bd3 Nbd7 11.O-O c6 12.Kh1 h6 13.Bc2 Nh7 14.Qe2 Bc5 15.Be3 Qe7
16.Bxc5 Nxc5 17.b4 axb4 18.axb4 Rxa1 19.Rxa1 Na6 20.dxc6 bxc6 21.b5 Nb4 22.bxc6 Nxc6
23.Nd5 Qc5 24.Ba4 Nd4 25.Qe3 Be6 26.Nxe5 Ra8 27.Nd3 Qa7 28.Rb1 Nf8 29.Nb6 Rd8
30.c5 Ng6 31.h3 Qc7 32.Rb4 Nc6 33.Bxc6 Qxc6 34.Rd4 Re8 35.Rd6 Qb5 36.c6 Qb1+
37.Kh2 Qc2 38.Nb4 Qb2 39.N4d5 Qe5+ 40.Qg3 Qxe4 41.c7 Kh7 42.Rd8 Bf5 43.Nc3 Qc6
44.Qd6 Re6 45.Qxc6 Rxc6 46.Ncd5 Rc2 47.c8=Q Bxc8 48.Rxc8 Re2 49.Nc4 Nh4 50.Nce3 Rb2
51.Rc2 Rb3 52.Re2 g5 53.Ne7 Rb7 54.N3f5 Nxf5 55.Nxf5 Kg6 56.Ng3 h5 57.Rf2 h4
58.Nf5 Rc7 59.Ne3 Re7 60.Rf3 Re5 61.Ng4 Re6 62.Re3 Rd6 63.Ne5+ Kg7 64.Nf3 f6
65.Re2 Rd1 66.Rd2 Rf1 67.Nd4 Kg6 68.Nc2 Rc1 69.Ne3 Re1 70.Ng4 Re6 71.Rc2 Re1
72.Rc6 Rf1 73.Rb6 Kf7 74.Rb3 Re1 75.Rf3 Re6 76.Kg1 Kg6 77.Kf2 Ra6 78.Rc3 Rb6
79.Kf3 Ra6 80.Rc5 Re6 81.Ne3 Rb6 82.Rc8 Ra6 83.Re8 Kf7 84.Rb8 Kg6 85.Ke4 Ra4+
86.Kd5 Ra5+ 87.Kd6 Ra6+ 88.Kc7 Ra7+ 89.Kd8 Ra6 90.Nd5 f5 91.Ke7 f4 92.Rg8+ Kf5
93.Kf7 f3 94.gxf3 Ra7+ 95.Ne7+ Kf4 96.Rg7 Ra5 97.Kg6 Kxf3 98.Rf7+ Kg3 99.Rf5 Rxf5
100.Nxf5+  1/2-1/2

[Event "Branko Vukmanovic Mem Open"]
[Site "Tivat MNE"]
[Date "2011.04.19"]
[Round "4.18"]
[White "Sirletti,S"]
[Black "Kragelj,I"]
[Result "1/2-1/2"]
[WhiteElo "1907"]
[BlackElo "2207"]

1.d4 Nf6 2.c4 e6 3.Nc3 Bb4 4.f3 d5 5.a3 Bxc3+ 6.bxc3 c5 7.cxd5 Nxd5 8.dxc5 f5
9.Nh3 O-O 10.Nf4 Nxc3 11.Qb3 Nd5 12.Nxd5 exd5 13.Bf4 Qa5+ 14.Qb4 Nc6 15.Qxa5 Nxa5
16.e3 Be6 17.Bd6 Rf7 18.Be2 Rd8 19.Rb1 b6 20.Ba6 Nc4 21.Bxc4 dxc4 22.Kf2 bxc5
23.Bxc5 Rc7 24.Bd4 Kf7  1/2-1/2

[Event "ch-Americas Continental"]
[Site "Toluca MEX"]
[Date "2011.04.19"]
[Round "9"]
[White "Bluvshtein,M"]
[Black "Barrientos,S"]
[Result "1-0"]
[WhiteElo "2589"]
[BlackElo "2499"]

1.d4 Nf6 2.c4 e6 3.Nc3 Bb4 4.f3 d5 5.a3 Bxc3+ 6.bxc3 c5 7.cxd5 exd5 8.e3 Qc7
9.Ne2 Bf5 10.Nf4 g5 11.Nd3 Nbd7 12.Be2 c4 13.Nf2 Rg8 14.O-O O-O-O 15.e4 dxe4
16.fxe4 Bxe4 17.Nxe4 Nxe4 18.Qc2 Ndf6 19.Rb1 Rg6 20.Rb4 Kb8 21.Rxc4 Qd6 22.Bf3 Qe6
23.Rb4 Nd6 24.c4 Rc8 25.Qb3 Rc7 26.c5 Qxb3 27.Rxb3 Nf5 28.Bb2 Nh4 29.Be2 Ne4
30.Re3 f5 31.g3 b6 32.Bd3 bxc5 33.gxh4 gxh4+ 34.Kh1 Rb6 35.Rxf5 Rxb2 36.Rf8+ Kb7
37.Bxe4+ Ka6 38.Rf6+ Ka5 39.Rf5 Kb6 40.dxc5+ Rxc5 41.Rxc5 Kxc5 42.Bxh7 Rb7
43.Bf5 Rf7 44.Rf3  1-0

[Event "Branko Vukmanovic Mem Open"]
[Site "Tivat MNE"]
[Date "2011.04.21"]
[Round "6.14"]
[White "Geler,A"]
[Black "Djoric,D"]
[Result "0-1"]
[WhiteElo "2280"]
[BlackElo "2300"]

1.d4 Nf6 2.c4 e6 3.Nc3 Bb4 4.f3 d5 5.a3 Bxc3+ 6.bxc3 O-O 7.cxd5 exd5 8.e3 b6
9.Bd3 Ba6 10.Ne2 Bxd3 11.Qxd3 Re8 12.O-O c5 13.Ng3 Nc6 14.Ra2 Qd7 15.Re2 g6
16.Bb2 Rad8 17.e4 cxd4 18.cxd4 h5 19.e5 h4 20.Nh1 Nh5 21.Bc1 Qf5 22.Qe3 f6
23.Nf2 g5 24.Ng4 Kh7 25.Qc3 Rc8 26.Qd2 fxe5 27.dxe5 Nf4 28.Nf6+ Kg6 29.Nxe8 Nxe2+
30.Qxe2 Rxe8 31.f4 g4 32.Qb5 Re6 33.Qxd5 Ne7 34.Qd7 Kf7 35.Qxa7 h3 36.Qa4 hxg2
37.Kxg2 Rc6 38.Qb3+ Kg6  0-1

[Event "ch-FRA u20b"]
[Site "Montlucon FRA"]
[Date "2011.04.24"]
[Round "9.10"]
[White "Najart,D"]
[Black "Contout,A"]
[Result "0-1"]
[WhiteElo "2008"]
[BlackElo "2097"]

1.d4 Nf6 2.c4 e6 3.Nc3 Bb4 4.f3 d5 5.a3 Be7 6.e4 dxe4 7.fxe4 O-O 8.e5 Nfd7
9.Nf3 c5 10.d5 exd5 11.cxd5 Re8 12.Bb5 a6 13.Bxd7 Nxd7 14.O-O c4 15.d6 Qb6+
16.Kh1 Bd8 17.Nd5 Qc6 18.Qd4 Nc5 19.Nb4 Qb5 20.Nd2 Be6 21.Nd5 Nd3 22.Nf4 Bb6
23.Qe4 Qxe5 24.Nxd3 Qxe4 25.Nxe4 cxd3 26.Bg5 Bd4 27.Nc3 f6 28.Bf4 g5  0-1

[Event "Doeberl Cup Premier"]
[Site "Canberra AUS"]
[Date "2011.04.25"]
[Round "9.4"]
[White "Akshat,Kh"]
[Black "Johansen,D"]
[Result "1-0"]
[WhiteElo "2328"]
[BlackElo "2419"]

1.d4 e6 2.c4 Nf6 3.Nc3 Bb4 4.f3 d5 5.a3 Be7 6.e4 dxe4 7.fxe4 e5 8.d5 O-O
9.Nf3 Bg4 10.h3 Bxf3 11.Qxf3 a5 12.Bd3 Bc5 13.Bg5 Bd4 14.Nb5 Nbd7 15.Nxd4 exd4
16.O-O h6 17.Bh4 Re8 18.Qg3 g5 19.Bxg5 Nxe4 20.Bxe4 Qxg5 21.Qxc7 Ne5 22.Rae1 Rac8
23.Qxb7 Rb8 24.Qa7 Rxb2 25.d6 Rd2 26.Bd5 Kh8 27.d7 Rg8 28.Qb7 Qg3 29.Kh1 Nxd7
30.Re7 Rf2 31.Rxf2 Qxf2 32.Qxd7 Qf1+ 33.Kh2 Qf4+ 34.Kg1 Rb8 35.Re8+ Rxe8
36.Qxe8+ Kg7  1-0

[Event "ch-RUS Rapid"]
[Site "Olginka RUS"]
[Date "2011.04.25"]
[Round "6"]
[White "Bocharov,D"]
[Black "Andreikin,D"]
[Result "0-1"]
[WhiteElo "2595"]
[BlackElo "2686"]

1.d4 Nf6 2.c4 e6 3.Nc3 Bb4 4.f3 d5 5.a3 Bxc3+ 6.bxc3 c5 7.cxd5 exd5 8.e3 O-O
9.Bd3 b6 10.Ra2 Ba6 11.Bxa6 Nxa6 12.Rf2 Nc7 13.Ne2 Nb5 14.O-O Rc8 15.a4 Nd6
16.Ng3 cxd4 17.cxd4 Re8 18.Qd3 Qd7 19.Ba3 Nc4 20.e4 dxe4 21.fxe4 Nxa3 22.Rxf6 gxf6
23.Nh5 Kh8 24.Nxf6 Qxa4 25.e5 Qc2 26.Qxa3 Red8 27.Qxa7 Rxd4 28.Qxb6 Qc5 29.Qxc5 Rxc5
30.Re1 Rd2 31.Nh5 Rdd5 32.Rb1 Rd8 33.Re1 Re8 34.Kf2 Rcxe5 35.Rxe5 Rxe5 36.Nf4 Kg7
37.Kf3 f5 38.g3 Ra5 39.h4 Kf6 40.Ke3 Ra3+ 41.Nd3 Kg6 42.Kd4  0-1

[Event "ch-USA KO 3rd-4th"]
[Site "Saint Louis USA"]
[Date "2011.04.27"]
[Round "2.3"]
[White "Shankland,S"]
[Black "Hess,Ro"]
[Result "1-0"]
[WhiteElo "2512"]
[BlackElo "2565"]

1.d4 Nf6 2.c4 e6 3.Nc3 Bb4 4.f3 c5 5.d5 Nh5 6.Nh3 d6 7.g4 Nf6 8.Nf2 Bxc3+
9.bxc3 e5 10.Bg5 h6 11.Bh4 Qe7 12.e3 Nbd7 13.Bd3 g5 14.Bg3 h5 15.h4 gxh4
16.Bxh4 hxg4 17.fxg4 e4 18.Be2 Qe5 19.Qc2 Nf8 20.Kd2 Ng6 21.Bxf6 Qxf6 22.Nxe4 Qe7
23.Rxh8+ Nxh8 24.Rh1 Ng6 25.g5 Kd8 26.Nf6 Kc7 27.Rh7 Ne5 28.Qe4 b6 29.Bh5  1-0

[Event "Nakhchivan Open"]
[Site "Nakhchivan AZE"]
[Date "2011.04.28"]
[Round "6"]
[White "Volkov,Sergey1"]
[Black "Ibrahimov,R"]
[Result "1/2-1/2"]
[WhiteElo "2621"]
[BlackElo "2526"]

1.d4 Nf6 2.c4 e6 3.Nc3 Bb4 4.f3 O-O 5.a3 Bxc3+ 6.bxc3 Ne8 7.e4 b6 8.Bd3 Ba6
9.Nh3 Nc6 10.O-O Na5 11.Qe2 c5 12.e5 f6 13.Bf4 cxd4 14.cxd4 d5 15.exd6 Nxd6
16.Qxe6+ Nf7 17.Qe4 g6 18.Rfe1 Re8 19.Qxe8+ Qxe8 20.Rxe8+ Rxe8 21.a4 Rd8
22.d5 Bxc4 23.Bxc4 Nxc4 24.Rc1 Nb2 25.Rc7 Nxa4 26.Rxa7 Nc3 27.Bc7 Rd7 28.Nf4 Nxd5
29.Nxd5 Rxd5 30.Bxb6 h5 31.h4 Nh6 32.Kf1  1/2-1/2

[Event "2nd Lille Open"]
[Site "Lille FRA"]
[Date "2011.04.29"]
[Round "6.7"]
[White "Maze,S"]
[Black "Smirnov,Arte"]
[Result "1-0"]
[WhiteElo "2559"]
[BlackElo "2425"]

1.d4 Nf6 2.c4 e6 3.Nc3 Bb4 4.f3 c5 5.d5 Nh5 6.Nh3 f5 7.Bg5 Nf6 8.e4 h6 9.Bd2 fxe4
10.fxe4 e5 11.Be2 O-O 12.Nf2 d6 13.O-O Na6 14.a3 Bxc3 15.Bxc3 Bd7 16.b4 Qe8
17.Bf3 b5 18.cxb5 Bxb5 19.Re1 cxb4 20.axb4 Nc7 21.Bd2 Bd7 22.Be3 Nb5 23.Qd2 Qg6
24.Ra5 a6 25.Rea1 Bg4 26.Nxg4 Nxg4 27.Bb6 Rac8 28.Qe2 Nc3 29.Qd3 Nf6 30.Rxa6 Ncxd5
31.Bf2 Rc3 32.Qd1 Rxf3 33.Qxf3 Nxe4 34.Ra8 Ndf6 35.Rxf8+ Kxf8 36.b5 Qe8 37.Qb3 Nxf2
38.Kxf2  1-0

[Event "Ostravsky Konik A"]
[Site "Ostrava CZE"]
[Date "2011.05.02"]
[Round "3.40"]
[White "Zidek,V"]
[Black "Macek,K"]
[Result "1-0"]
[WhiteElo "2131"]
[BlackElo "1974"]

1.d4 Nf6 2.c4 e6 3.Nc3 Bb4 4.f3 d5 5.a3 Be7 6.e4 dxe4 7.fxe4 e5 8.d5 Bc5
9.Nf3 Bg4 10.h3 Bxf3 11.Qxf3 Nbd7 12.Be3 Bxe3 13.Qxe3 c5 14.Be2 a6 15.g4 O-O
16.Qg3 Ne8 17.O-O Qg5 18.Rad1 Nd6 19.Rf2 Qg6 20.Bd3 Rae8 21.Rdf1 h5 22.Qh4 hxg4
23.hxg4 Qh7 24.Rh2 Qxh4 25.Rxh4 g5 26.Rh5 f6 27.Kf2 Kg7 28.Rfh1 Rh8 29.Ke3 Rb8
30.Rxh8 Rxh8 31.Rxh8 Kxh8 32.Nb1 Kg7 33.Kd2 Kf7 34.Kc3 Ke7 35.Nd2 Kd8 36.b4 b6
37.Nb3 Kc7 38.Nd2 Kb7 39.Nf1 Kc7 40.Ng3 a5 41.bxa5 bxa5 42.Nh5 Ne8 43.Bc2 Nb6
44.Bb3 Kd7 45.Ng3 Nd6 46.Kd3 Kc7 47.Ne2 Nf7 48.Nc3 Nd6 49.Ne2 Nf7 50.Ng3 Nd6
51.Nf1 Nf7 52.Nd2 Nh6 53.Bd1 Nc8 54.Nf1 Nb6 55.Ng3 Kd6 56.Nh5 Ng8 57.Kc3 Ke7
58.Ng7 Nh6 59.Ne6 Kd6 60.Kd3 Nd7 61.Kc2 Nb6 62.Kb3 Ng8 63.Ng7 Kd7 64.Nf5 Ne7
65.Ng7 Ng8 66.Kc3 Nh6 67.Nh5 Ng8 68.Ng3 Ne7 69.Nf1 Kd6 70.Nd2 Ng8 71.Nb3 a4
72.Nc1 Nh6 73.Nd3 Nf7 74.Nb2 Nh6 75.Kd3 Ke7 76.Ke3 Nf7 77.Bxa4 Nd6 78.Kd3 Kd8
79.Bc6 Kc7 80.a4 Nbc8 81.a5  1-0

[Event "Ostravsky Konik A"]
[Site "Ostrava CZE"]
[Date "2011.05.03"]
[Round "4.39"]
[White "Lexa,V"]
[Black "Zavisecky,P"]
[Result "1-0"]
[WhiteElo "1889"]
[BlackElo "2043"]

1.d4 Nf6 2.c4 e6 3.Nc3 Bb4 4.f3 d5 5.a3 Bxc3+ 6.bxc3 O-O 7.e3 b6 8.cxd5 exd5
9.Bd3 Re8 10.Ne2 Bb7 11.O-O Nbd7 12.Ng3 c5 13.Bd2 g6 14.Qe2 c4 15.Bc2 h5
16.Qf2 Re7 17.Rae1 Qf8 18.Re2 Re6 19.Bc1 b5 20.Rfe1 Rae8 21.Nf1 Qd6 22.Nd2 a5
23.h3 Nb6 24.e4 Qe7 25.e5 Nh7 26.f4 f5 27.g4 hxg4 28.hxg4 fxg4 29.Qg3 Qg7
30.Qxg4 Bc8 31.Qg2 Rf8 32.Nf3 Kh8 33.Ng5 Nxg5 34.Qxg5 Kg8 35.Rg2 Kh7 36.f5 Rc6
37.f6  1-0

[Event "13th Salou Open"]
[Site "Salou ESP"]
[Date "2011.05.07"]
[Round "4"]
[White "Moskalenko,V1"]
[Black "Baches Garcia,G"]
[Result "1-0"]
[WhiteElo "2582"]
[BlackElo "2392"]

1.d4 Nf6 2.c4 e6 3.Nc3 Bb4 4.f3 d5 5.a3 Bxc3+ 6.bxc3 c5 7.cxd5 exd5 8.e3 O-O
9.Bd3 b6 10.Ne2 Ba6 11.O-O Bxd3 12.Qxd3 Re8 13.Ng3 Nc6 14.Bb2 c4 15.Qe2 h5
16.Rae1 Ne7 17.Qc2 Ng6 18.Bc1 h4 19.Nh1 Qc7 20.Nf2 Nh5 21.Qf5 Nf6 22.e4 Qd7
23.Qg5 Nh7 24.Qd2 b5 25.Qc2 a5 26.e5 Ne7 27.g4 hxg3 28.hxg3 b4 29.g4 bxc3
30.Kg2 Qe6 31.Nd1 Rab8 32.Rh1 Qg6 33.Qxg6 fxg6 34.Nxc3 Rb3 35.Ne2 Nf8 36.Nf4 g5
37.Nh3 Ne6 38.Nxg5 Nxd4 39.f4 Nec6 40.e6 Rc3  1-0

[Event "Ostravsky Konik A"]
[Site "Ostrava CZE"]
[Date "2011.05.08"]
[Round "9"]
[White "Lexa,V"]
[Black "Mitscherling,A"]
[Result "0-1"]
[WhiteElo "1889"]
[BlackElo "2227"]

1.d4 Nf6 2.c4 e6 3.Nc3 Bb4 4.f3 d5 5.a3 Bxc3+ 6.bxc3 O-O 7.e3 c5 8.Bd3 Qc7
9.cxd5 cxd4 10.Ne2 dxe3 11.dxe6 Bxe6 12.Bxe3 Nd5 13.Bf2 Nd7 14.O-O Ne5 15.Be4 Rfd8
16.Qc1 Nf6 17.Qc2 Bc4 18.Bd4 Nxe4 19.Qxe4 Re8 20.Rfd1 Ng6  0-1

[Event "13th Salou Open"]
[Site "Salou ESP"]
[Date "2011.05.08"]
[Round "6"]
[White "Moskalenko,V1"]
[Black "Hernandez Carmenates,Hold"]
[Result "0-1"]
[WhiteElo "2582"]
[BlackElo "2558"]

1.d4 Nf6 2.c4 e6 3.Nc3 Bb4 4.f3 d5 5.a3 Bxc3+ 6.bxc3 O-O 7.cxd5 exd5 8.e3 c5
9.Bd3 b6 10.Ne2 Ba6 11.O-O Bxd3 12.Qxd3 Re8 13.Ng3 Nc6 14.Bb2 c4 15.Qe2 h5
16.Rae1 h4 17.Nf5 Ne7 18.Nxe7+ Qxe7 19.Bc1 b5 20.Qf2 h3 21.g4 a5 22.Qh4 b4
23.axb4 axb4 24.cxb4 Qxb4 25.Qxh3 Ra2 26.g5 Nh7 27.e4 Nf8 28.e5 Qc3 29.Be3 Ne6
30.g6 fxg6 31.Qg4 Qd3 32.Rf2 Rxf2 33.Kxf2 c3 34.f4 c2 35.Qe2 Qf5 36.Qf3 Kh7
37.h3 Rb8 38.Bc1 Rb1 39.Qg4 Nxd4 40.Qh4+ Qh5 41.Qg3 Rxc1 42.Rxc1 Qe2+  0-1

[Event "41st Bosna Open"]
[Site "Sarajevo BIH"]
[Date "2011.05.09"]
[Round "6.15"]
[White "Sutkovic,D"]
[Black "Grandelius,N"]
[Result "1/2-1/2"]
[WhiteElo "2320"]
[BlackElo "2541"]

1.d4 Nf6 2.c4 e6 3.Nc3 Bb4 4.f3 d5 5.a3 Bxc3+ 6.bxc3 c5 7.cxd5 Nxd5 8.dxc5 f5
9.Nh3 Nc6 10.Nf4 Qa5 11.Nxd5 exd5 12.Qd3 O-O 13.Bf4 Qxc5 14.e3 Be6 15.Be2 Rac8
16.O-O Na5 17.Be5 Nb3 18.Rab1 Qxa3 19.Qb5 Qc5 20.Qd3 Na5 21.Bd4 Qc7 22.Bxa7 Qxc3
23.Rb5 Qxd3 24.Bxd3 Rc3 25.Bxf5 Bxf5 26.Rxa5 Bd3 27.Bd4 Rc2 28.Rd1 Bc4 29.Rb1 b5
30.Ra7 Rf7  1/2-1/2

[Event "ch-Euro Indiv Women"]
[Site "Tbilisi GEO"]
[Date "2011.05.10"]
[Round "4"]
[White "Paikidze,N"]
[Black "Tsatsalashvili,K"]
[Result "1-0"]
[WhiteElo "2408"]
[BlackElo "2280"]

1.d4 Nf6 2.c4 e6 3.Nc3 Bb4 4.f3 d5 5.a3 Bxc3+ 6.bxc3 c5 7.cxd5 exd5 8.e3 O-O
9.Bd3 b6 10.Ne2 Ba6 11.O-O Re8 12.Ng3 Bxd3 13.Qxd3 Nc6 14.Bb2 Na5 15.e4 Nc4
16.Bc1 cxd4 17.cxd4 b5 18.e5 Nd7 19.f4 Qb6 20.Kh1 Nf8 21.f5 a5 22.Nh5 Kh8
23.Qg3 g6 24.Bh6 Nd7 25.Bg7+ Kg8 26.e6 fxe6 27.fxg6 h6 28.Rf7 Red8 29.Bf6 Qd6
30.Rh7  1-0

[Event "46th Capablanca Memorial Open B"]
[Site "Havana CUB"]
[Date "2011.05.11"]
[Round "1.32"]
[White "Munos,R"]
[Black "Cierna Rodriguez,A"]
[Result "1-0"]
[WhiteElo "2108"]
[BlackElo "2068"]

1.d4 Nf6 2.c4 e6 3.Nc3 Bb4 4.f3 c5 5.d5 Bxc3+ 6.bxc3 d6 7.e4 O-O 8.Bd3 Re8
9.Ne2 Nbd7 10.O-O e5 11.Ng3 Nf8 12.f4 exf4 13.Bxf4 Ng4 14.Qf3 f6 15.Nh5 Ng6
16.Qg3 N4e5 17.Be2 Kh8 18.h4 Qe7 19.Bd2 b6 20.Qh2 Ba6 21.Ng3 Qd8 22.h5 Ne7
23.h6 g6 24.Rxf6 Ng8 25.Rf2 Bxc4 26.Bxc4 Nxc4 27.Bf4 Qe7 28.Raf1 Rad8 29.Qh3 Ne5
30.Ne2 b5 31.Kh1 a5 32.Bc1 Qd7 33.Qxd7 Rxd7 34.Bg5 Ra7 35.Rf8 Rxf8 36.Rxf8 Rf7
37.Ra8 Ng4 38.Nf4  1-0

[Event "ch-Euro Indiv Women"]
[Site "Tbilisi GEO"]
[Date "2011.05.16"]
[Round "9"]
[White "Tsatsalashvili,K"]
[Black "Purtseladze,M"]
[Result "1-0"]
[WhiteElo "2280"]
[BlackElo "2352"]

1.d4 Nf6 2.c4 e6 3.Nc3 Bb4 4.f3 c5 5.d5 d6 6.e4 Bxc3+ 7.bxc3 e5 8.Bd3 Nbd7
9.Ne2 Nf8 10.h4 h5 11.g3 Ng6 12.Bg5 Qa5 13.Qb3 Nd7 14.Kf2 a6 15.Rab1 b5 16.cxb5 axb5
17.Bxb5 f6 18.Be3 Qxa2 19.Qxa2 Rxa2 20.Ra1 Rb2 21.Rhb1 Rxb1 22.Rxb1 Ne7 23.c4 O-O
24.Bc6 Rd8 25.Bd2 Nxc6 26.dxc6 Nf8 27.Ba5 Re8 28.Rb8 Kf7 29.Nc3 Ba6 30.c7 Rc8
31.Nb5 Ke7 32.Na7 Kd7 33.Rb6 Kxc7 34.Rxa6+ Kb7 35.Nxc8 Kxa6 36.Bc3 Kb7 37.Nxd6+ Kc6
38.Nf5 g6 39.Ne7+ Kd6 40.Nd5  1-0

[Event "FSGM May"]
[Site "Budapest HUN"]
[Date "2011.05.17"]
[Round "13.1"]
[White "Sachdev,T"]
[Black "Szabo,Ben"]
[Result "1-0"]
[WhiteElo "2416"]
[BlackElo "2350"]

1.d4 Nf6 2.c4 e6 3.Nc3 Bb4 4.f3 d5 5.a3 Be7 6.e4 dxe4 7.fxe4 e5 8.d5 Bc5
9.Nf3 Bg4 10.h3 Bxf3 11.Qxf3 Nbd7 12.Bg5 Bd4 13.Ne2 O-O 14.Nxd4 exd4 15.O-O-O c5
16.dxc6 bxc6 17.Rxd4 Qb6 18.Bxf6 Nxf6 19.Rd2 Rfe8 20.Bd3 Nd7 21.Bc2 Ne5 22.Qc3 Rab8
23.c5 Qc7 24.Rhd1 a5 25.Rd6 h6 26.Ba4 f6 27.g4 Rec8 28.h4 Qf7 29.g5 hxg5
30.hxg5 Qc4 31.Qxc4+ Nxc4 32.Rxc6 Re8 33.gxf6 Rxe4 34.Rg1 Nxb2 35.Bc2 Rc4
36.Rxg7+ Kf8 37.Rb6  1-0

[Event "20th Croatian Cup"]
[Site "Sibenik CRO"]
[Date "2011.05.19"]
[Round "2.23"]
[White "Vlaic,B"]
[Black "Saric,A"]
[Result "1/2-1/2"]
[WhiteElo "2265"]
[BlackElo "2489"]

1.d4 Nf6 2.c4 e6 3.Nc3 Bb4 4.f3 d5 5.a3 Bxc3+ 6.bxc3 c5 7.cxd5 exd5 8.e3 c4
9.g4 O-O 10.Ne2 Nc6 11.Bg2 b5 12.O-O Na5 13.Ng3 Nb3 14.Ra2 Bb7 15.g5 Nd7
16.e4 Qb6 17.Kh1 a5 18.e5 b4 19.Bb2 bxc3  1/2-1/2

[Event "63rd ch-MNE"]
[Site "Tivat MNE"]
[Date "2011.05.22"]
[Round "2.10"]
[White "Geler,A"]
[Black "Draskovic,L"]
[Result "1/2-1/2"]
[WhiteElo "2274"]
[BlackElo "2114"]

1.d4 Nf6 2.c4 e6 3.Nc3 Bb4 4.f3 d5 5.a3 Bxc3+ 6.bxc3 c5 7.cxd5 Nxd5 8.dxc5 Qa5
9.e4 Ne7 10.Be3 O-O 11.Qb3 Qc7 12.Nh3 e5 13.Nf2 Nec6 14.Nd3 Be6 15.Qb5 Nd7
16.Nb4 a6 17.Qd3 Na5 18.Qd6 Qxd6 19.cxd6 Rac8 20.Kf2 Nb3 21.Rb1 Rxc3 22.Be2 Rfc8
23.Rhd1 Kf8 24.Nd5 Bxd5 25.Rxd5 b5 26.Bd1 Nbc5 27.Bd2 Rc4 28.Bb4 Ne6 29.a4 Nd4
30.axb5 axb5 31.f4 exf4 32.Bg4 Rc2+ 33.Ke1 Rxg2 34.Bxd7 Nc2+ 35.Kf1 Ne3+
36.Ke1 Nc2+ 37.Kf1 Ne3+  1/2-1/2

[Event "Nis Open 2011"]
[Site "Nis SRB"]
[Date "2011.05.25"]
[Round "2.5"]
[White "Lukic,I"]
[Black "Raicevic,I"]
[Result "0-1"]
[WhiteElo "2136"]
[BlackElo "2279"]

1.d4 e6 2.c4 Nf6 3.Nc3 Bb4 4.f3 c5 5.d5 e5 6.e4 d6 7.Be3 Nbd7 8.Bd3 Nf8 9.Ne2 Ng6
10.h4 Nh5 11.g3 h6 12.Kd2 Bd7 13.a3 Ba5 14.Rb1 Bxc3+ 15.bxc3 Rb8 16.Rb2 O-O
17.Qb1 b6 18.Qc2 Qf6 19.Rf1 Bh3 20.Rf2 Bd7 21.Rb1 Ngf4 22.Bxf4 exf4 23.g4 Qxh4
24.Rbf1 Ng3 25.Nxg3 fxg3 26.Rg2 h5 27.e5 dxe5 28.Bf5 Qg5+ 29.Kd1 Bxf5 30.Qxf5 Qxf5
31.gxf5 g5 32.Rxg3 f6 33.Rh1 h4 34.Rxh4 Kg7 35.Rh5 Rh8 36.Rgh3 Rxh5 37.Rxh5 b5
38.cxb5 Rxb5 39.c4 Rb3 40.Kc2 Rxf3 41.d6 Rf4 42.Rh3 Rxc4+  0-1

[Event "TCh-SLO"]
[Site "Ljubljana SLO"]
[Date "2011.05.27"]
[Round "1"]
[White "Stajner,S"]
[Black "Gostisa,L"]
[Result "0-1"]
[WhiteElo "2289"]
[BlackElo "2396"]

1.d4 Nf6 2.c4 e6 3.Nc3 Bb4 4.f3 O-O 5.a3 Bxc3+ 6.bxc3 d6 7.e4 c5 8.d5 Qa5
9.Ne2 Nbd7 10.Bf4 Ne5 11.Bxe5 dxe5 12.Qd2 Rd8 13.g4 b5 14.g5 Ne8 15.Ng3 bxc4
16.Bxc4 Nd6 17.Ba2 c4 18.O-O Bb7 19.Rad1 Qxa3 20.Kh1 Qc5 21.Bb1 g6 22.h4 Nb5
23.f4 exd5 24.fxe5 Qe7 25.Qb2 a6 26.exd5 Qxe5 27.Ne4 Bxd5 28.Rxd5 Qxd5 29.Kg1 Qe6
30.Qg2 Ra7 31.h5 Re7 32.Nf6+ Kh8 33.hxg6 fxg6 34.Bxg6 Qe3+ 35.Kh1 Rg7 36.Bxh7 Rxh7+
37.Nxh7 Kxh7 38.Qg4 Kg7 39.Qh5 Qe6 40.Rf6 Qe1+ 41.Kh2  0-1

[Event "Zonal 3.3"]
[Site "Tagaytay City PHI"]
[Date "2011.05.27"]
[Round "6"]
[White "Khairul,A"]
[Black "Liu Dede"]
[Result "1-0"]
[WhiteElo "2319"]
[BlackElo "2418"]

1.d4 Nf6 2.c4 e6 3.Nc3 Bb4 4.f3 d5 5.a3 Bxc3+ 6.bxc3 O-O 7.cxd5 exd5 8.e3 c5
9.Bd3 Nc6 10.Ne2 Re8 11.O-O b6 12.Ng3 Bb7 13.Ra2 Qc7 14.Re2 Rad8 15.Bb2 h6
16.Qe1 Nh7 17.Qf2 Ng5 18.h4 Ne6 19.f4 c4 20.Bb1 Nf8 21.f5 f6 22.Bc1 Ne7 23.Rfe1 Qd7
24.Nh5 Nc8 25.e4 dxe4 26.Bxh6 Kh7 27.Bxg7 Qf7 28.g4 Nd7 29.Qf4  1-0